[Event "CHI-ch sf"]
[Site "Villa Alemana"]
[Date "2023.01.19"]
[Round "3"]
[White "Henriquez Hidalgo, Camilo Alonso"]
[Black "Gasic Merino, Franco Ignacio"]
[Result "1-0"]
[WhiteElo "1956"]
[BlackElo "2159"]
[PlyCount "137"]
[EventDate "2023.01.18"]
[EventType "swiss"]
[EventRounds "8"]
[EventCountry "CHI"]
[SourceTitle "CBM 212 Extra"]
[Source "ChessBase"]
[SourceDate "2023.03.31"]
[SourceVersion "1"]
[SourceVersionDate "2023.03.31"]
[SourceQuality "1"]

1. e4 d5 2. exd5 Nf6 3. d4 Qxd5 4. Nc3 Qd6 5. Nf3 Nc6 6. h3 a6 7. Be3 b5 8. a3 Bb7 9. Be2 e6 10. 0-0 h6 11. Re1 Be7 12. b4 Nd5 13. Nxd5 Qxd5 14. Rc1 0-0 15. c4 bxc4 16. Bxc4 Qd6 17. d5 exd5 18. Bc5 Qf6 19. Bxd5 Rad8 20. Qb3 Bd6 21. Bxc6 Bxc6 22. Bd4 Qg6 23. Rxc6 Bh2+ 24. Kxh2 Qxc6 25. Qb2 f6 26. Bc5 Rfe8 27. Qb3+ Kh8 28. Rxe8+ Rxe8 29. Qf7 Qe6 30. Qxc7 Qc4 31. Qd6 Rc8 32. Qd4 Qc2 33. Qd7 Rg8 34. Qg4 g5 35. Qe6 Qg6 36. Be7 Kg7 37. Nd4 h5 38. Nf5+ Kh7 39. Nd6 g4 40. Qf5 Rg7 41. Qxg6+ Kxg6 42. Nc8 Kf5 43. Bc5 Ke6 44. Nb6 f5 45. hxg4 hxg4 46. Kg3 Ke5 47. Be3 Ke4 48. Na4 Rg6 49. Nc5+ Ke5 50. Bc1 Rc6 51. Bb2+ Kd5 52. Kf4 a5 53. Kxf5 g3 54. fxg3 Kc4 55. Bf6 axb4 56. axb4 Kxb4 57. Ne6 Kc4 58. g4 Kd5 59. Nf4+ Kd6 60. g5 Kd7 61. Kg6 Rc4 62. g3 Ke8 63. Kh7 Rc1 64. g6 Rc8 65. Ne6 Rb8 66. g7 Rb7 67. Kh8 Rb8 68. g8Q+ Kd7 69. Qxb8 1-0

[Event "South America-ch U20"]
[Site "Chess.com INT"]
[Date "2021.06.19"]
[Round "3"]
[White "Henriquez Hidalgo, Camilo Alonso"]
[Black "Hormazabal Figueroa, Constanza Valentina"]
[Result "1-0"]
[WhiteElo "1859"]
[BlackElo "1702"]
[PlyCount "85"]
[EventDate "2021.06.19"]
[EventType "swiss"]
[EventRounds "7"]
[EventCountry "CHI"]
[SourceTitle "CBM 203 Extra"]
[Source "ChessBase"]
[SourceDate "2021.09.30"]
[SourceVersion "1"]
[SourceVersionDate "2021.09.30"]
[SourceQuality "1"]

1. e4 c5 2. Nf3 Nc6 3. d4 cxd4 4. Nxd4 Qb6 5. Nxc6 dxc6 6. Bd3 e5 7. 0-0 Nf6 8. Nd2 Bc5 9. Nc4 Qc7 10. Be3 Bxe3 11. Nxe3 0-0 12. a4 a5 13. Qe2 Be6 14. c3 Rfd8 15. b4 Rd7 16. Nc4 Rad8 17. Bc2 axb4 18. cxb4 Rd4 19. Ne3 Nxe4 20. Bxe4 Rxe4 21. Qf3 Rxb4 22. a5 Rb5 23. a6 bxa6 24. Rxa6 c5 25. Qg3 Qb7 26. Raa1 c4 27. Rac1 Rc5 28. Qh4 Qc7 29. Rfd1 Rc8 30. Rc3 h6 31. h3 Qa5 32. Rdc1 Qa7 33. Ng4 Bxg4 34. hxg4 Qc7 35. g5 hxg5 36. Qxg5 Qd6 37. Rg3 g6 38. Qh6 Qf6 39. Rcc3 Qg7 40. Qh3 Rd8 41. Rc1 Rd4 42. Ra3 Rc8 43. Qxc8+ 1-0

[Event "South America-ch U20"]
[Site "Chess.com INT"]
[Date "2021.06.19"]
[Round "5"]
[White "Henriquez Hidalgo, Camilo Alonso"]
[Black "Jaque Gutierrez, Matias"]
[Result "1/2-1/2"]
[WhiteElo "1859"]
[BlackElo "2094"]
[PlyCount "103"]
[EventDate "2021.06.19"]
[EventType "swiss"]
[EventRounds "7"]
[EventCountry "CHI"]
[SourceTitle "CBM 203 Extra"]
[Source "ChessBase"]
[SourceDate "2021.09.30"]
[SourceVersion "1"]
[SourceVersionDate "2021.09.30"]
[SourceQuality "1"]

1. e4 c5 2. Nf3 e6 3. d4 cxd4 4. Nxd4 a6 5. Bd3 Nf6 6. 0-0 Qc7 7. Qe2 d6 8. c4 g6 9. Nc3 Bg7 10. Be3 0-0 11. Rac1 Nbd7 12. Rfd1 b6 13. b4 Bb7 14. a4 Rac8 15. Nb3 Ne5 16. f3 Nxc4 17. Bxc4 Qxc4 18. Qxc4 Rxc4 19. Rxd6 Rxb4 20. Rxb6 Rxb6 21. Bxb6 Nd7 22. a5 Rc8 23. Bd4 Bh6 24. Rd1 e5 25. Bb6 Nxb6 26. axb6 Rxc3 27. Na5 Be3+ 28. Kf1 Bxb6 29. Nxb7 Rc2 30. Rd6 Rb2 31. Nd8 Rf2+ 32. Ke1 Bd4 33. Rxd4 Rxg2 34. Rd7 Rxh2 35. Nxf7 h5 36. Nxe5 Rg2 37. Kf1 Rg5 38. f4 Rg3 39. Kf2 h4 40. Rd6 g5 41. Rg6+ Kh7 42. Rxg5 Rxg5 43. fxg5 a5 44. Kg2 a4 45. Nc4 Kg6 46. Kf3 Kxg5 47. e5 Kf5 48. Ke3 h3 49. Kf3 a3 50. Nxa3 Kxe5 51. Kg3 Kd4 52. Kxh3 1/2-1/2

[Event "CHI-ch sf"]
[Site "Talca"]
[Date "2020.01.16"]
[Round "4"]
[White "Garcia Cardenas, Pablo"]
[Black "Henriquez Hidalgo, Camilo Alonso"]
[Result "1-0"]
[WhiteElo "2435"]
[BlackElo "1885"]
[PlyCount "41"]
[EventDate "2020.01.15"]
[EventType "swiss"]
[EventRounds "9"]
[EventCountry "CHI"]
[SourceTitle "CBM 194 Extra"]
[Source "ChessBase"]
[SourceDate "2020.03.31"]
[SourceVersion "1"]
[SourceVersionDate "2020.03.31"]
[SourceQuality "1"]

1. d4 g6 2. e4 Bg7 3. Nf3 d6 4. Be2 Nd7 5. 0-0 e5 6. Re1 Ne7 7. Nc3 0-0 8. a4 a5 9. Be3 Nc6 10. Qd2 Nb6 11. dxe5 dxe5 12. Qxd8 Rxd8 13. Nb5 Nd4 14. Nxc7 Rb8 15. c3 Nxe2+ 16. Rxe2 Nc4 17. Ba7 Bg4 18. Bxb8 Rxb8 19. Rd1 Rc8 20. Nb5 f5 21. h3 1-0